Heterogeneous Impact of Victimization on Sense of Safety: The Influence of Past Victimization
It is well-established that recent victimization increases fear of crime, but less is known about the effect of past victimization. Using data from a large panel survey (N = 27,004) combined with register data on past victimization, we examined how past and recent victimization impacts a sense of sa...
| VerfasserInnen: | ; |
|---|---|
| Medienart: | Elektronisch Aufsatz |
| Sprache: | Englisch |
| Veröffentlicht: |
2022
|
| In: |
Victims & offenders
Jahr: 2022, Band: 17, Heft: 3, Seiten: 395-420 |
| Online-Zugang: |
Volltext (lizenzpflichtig) |
| Verfügbarkeit prüfen: | HBZ Gateway |
| Schlagwörter: |
MARC
| LEADER | 00000caa a22000002c 4500 | ||
|---|---|---|---|
| 001 | 1796953261 | ||
| 003 | DE-627 | ||
| 005 | 20220404111631.0 | ||
| 007 | cr uuu---uuuuu | ||
| 008 | 220330s2022 xx |||||o 00| ||eng c | ||
| 024 | 7 | |a 10.1080/15564886.2021.1943091 |2 doi | |
| 035 | |a (DE-627)1796953261 | ||
| 035 | |a (DE-599)KXP1796953261 | ||
| 040 | |a DE-627 |b ger |c DE-627 |e rda | ||
| 041 | |a eng | ||
| 084 | |a 2,1 |2 ssgn | ||
| 100 | 1 | |a Scherg, Rune H. |e VerfasserIn |4 aut | |
| 245 | 1 | 0 | |a Heterogeneous Impact of Victimization on Sense of Safety: The Influence of Past Victimization |
| 264 | 1 | |c 2022 | |
| 336 | |a Text |b txt |2 rdacontent | ||
| 337 | |a Computermedien |b c |2 rdamedia | ||
| 338 | |a Online-Ressource |b cr |2 rdacarrier | ||
| 520 | |a It is well-established that recent victimization increases fear of crime, but less is known about the effect of past victimization. Using data from a large panel survey (N = 27,004) combined with register data on past victimization, we examined how past and recent victimization impacts a sense of safety in Denmark. Overall, we found no main effect of past victimization on sense of safety. However, for recurrent victims, past victimization impacts current sense of safety in a heterogeneous way. The results suggest that past adversity can function both as an amplifier and as an attenuator of the effects of victimization on fear of crime. | ||
| 650 | 4 | |a Victimization | |
| 650 | 4 | |a Persistency of victimization | |
| 650 | 4 | |a panel data | |
| 650 | 4 | |a GEE | |
| 650 | 4 | |a Sense of safety | |
| 650 | 4 | |a Fear of crime | |
| 700 | 1 | |a Ejrnæs, Anders |e VerfasserIn |4 aut | |
| 773 | 0 | 8 | |i Enthalten in |t Victims & offenders |d London [u.a.] : Taylor & Francis, 2006 |g 17(2022), 3, Seite 395-420 |h Online-Ressource |w (DE-627)512879672 |w (DE-600)2237556-9 |w (DE-576)272350850 |x 1556-4991 |7 nnas |
| 773 | 1 | 8 | |g volume:17 |g year:2022 |g number:3 |g pages:395-420 |
| 856 | 4 | 0 | |u https://doi.org/10.1080/15564886.2021.1943091 |x Resolving-System |z lizenzpflichtig |3 Volltext |7 1 |
| 935 | |a mkri | ||
| 951 | |a AR | ||
| ELC | |a 1 | ||
| LOK | |0 000 xxxxxcx a22 zn 4500 | ||
| LOK | |0 001 4106749645 | ||
| LOK | |0 003 DE-627 | ||
| LOK | |0 004 1796953261 | ||
| LOK | |0 005 20220330051542 | ||
| LOK | |0 008 220330||||||||||||||||ger||||||| | ||
| LOK | |0 035 |a (DE-2619)KrimDok#2022-03-29#5BD5E1645DDC312DDB73157CD7136C2252D2A105 | ||
| LOK | |0 040 |a DE-2619 |c DE-627 |d DE-2619 | ||
| LOK | |0 092 |o n | ||
| LOK | |0 852 |a DE-2619 | ||
| LOK | |0 852 1 |9 00 | ||
| LOK | |0 935 |a zota | ||
| LOK | |0 939 |a 30-03-22 |b l01 | ||
| ORI | |a SA-MARC-krimdoka001.raw | ||
